[Event "Gibtelecom Masters"]
[Site "Gibraltar"]
[Date "2007.01.23"]
[Round "1.44"]
[White "Revesz, Zoltan"]
[Black "Vijayalakshmi, Subbarama"]
[Result "0-1"]
[WhiteElo "2245"]
[BlackElo "2459"]
[PlyCount "80"]
[EventDate "2007.??.??"]

1. e4 e5 2. Nf3 Nc6 3. d4 exd4 4. Nxd4 Nf6 5. Nxc6 bxc6 6. e5 Qe7 7. Qe2 Nd5 8.
c4 Nb6 9. b3 a5 10. Bb2 a4 11. Qe3 Qb4+ 12. Bc3 axb3 13. Bxb4 b2 14. Qd4 Bxb4+
15. Nd2 bxa1=Q+ 16. Qxa1 O-O 17. Bd3 Re8 18. Kd1 Na4 19. Nb1 Nc5 20. Bc2 d6 21.
Qb2 Na6 22. a3 Ba5 23. exd6 cxd6 24. Qd4 Be6 25. Kc1 d5 26. c5 Bd8 27. Nd2 Bf6
28. Qd3 g6 29. Nb3 Nc7 30. Qg3 Nb5 31. Qf4 Bg7 32. a4 Nc3 33. Qd6 Nxa4 34. Qxc6
Rec8 35. Qb7 d4 36. Re1 Bh6+ 37. Nd2 Nxc5 38. Qe7 d3 39. Bb1 Nb3+ 40. Kd1 Rc1#
0-1

[Event "Gibtelecom Masters"]
[Site "Gibraltar"]
[Date "2007.01.23"]
[Round "1.45"]
[White "Ward, Chris"]
[Black "Navarro Torres, Pedro"]
[Result "1-0"]
[WhiteElo "2456"]
[BlackElo "2235"]
[PlyCount "155"]
[EventDate "2007.??.??"]

1. e4 Nc6 2. Nf3 f5 3. exf5 d5 4. Bb5 Bxf5 5. Ne5 Qd6 6. d4 Bd7 7. Bxc6 Bxc6 8.
O-O Qf6 9. Qh5+ g6 10. Qh3 Bg7 11. Re1 Rd8 12. Nc3 Bd7 13. Qd3 c6 14. g4 Bc8
15. h3 Bh6 16. Be3 Bf4 17. Ne2 Bxe3 18. Qxe3 Qh4 19. Nf4 Qf6 20. Re2 e6 21. Nf3
Rd6 22. g5 Qf5 23. Qe5 Qxe5 24. Nxe5 Ne7 25. Ng4 O-O 26. Nf6+ Kg7 27. Rae1 Rxf6
28. gxf6+ Kxf6 29. c3 b6 30. Re3 Nf5 31. Rf3 Nh4 32. Nxd5+ Kg7 33. Rf4 g5 34.
Rxh4 gxh4 35. Nf4 Kf6 36. b4 c5 37. dxc5 bxc5 38. bxc5 Rd2 39. a3 Rc2 40. Re3
e5 41. Nd5+ Ke6 42. Nb4 Rc1+ 43. Kg2 a5 44. Nd3 Bb7+ 45. f3 Rc2+ 46. Kg1 Kd5
47. Nxe5 Kxc5 48. f4 Bc8 49. Nf7 Bb7 50. f5 Ba6 51. Re5+ Kb6 52. Re6+ Ka7 53.
f6 Bc4 54. Re7+ Kb6 55. Ne5 Rxc3 56. Nxc4+ Rxc4 57. Re2 Rc8 58. Rf2 Rf8 59. Kf1
Kc7 60. Ke2 Kd7 61. Kd3 Ke6 62. Kc4 Rxf6 63. Rxf6+ Kxf6 64. Kb5 Ke5 65. Kxa5
Kf4 66. Kb4 Kg3 67. a4 Kxh3 68. a5 Kg2 69. a6 h3 70. a7 h2 71. a8=Q+ Kg1 72.
Qa1+ Kg2 73. Qb2+ Kg1 74. Qd4+ Kg2 75. Qg4+ Kf1 76. Qh3+ Kg1 77. Qg3+ Kh1 78.
Qf2 1-0

[Event "Gibtelecom Masters"]
[Site "Gibraltar"]
[Date "2007.01.23"]
[Round "1.46"]
[White "Prasanna, Rao"]
[Black "Lahno, Kateryna"]
[Result "0-1"]
[WhiteElo "2234"]
[BlackElo "2456"]
[PlyCount "96"]
[EventDate "2007.??.??"]

1. e4 e5 2. Nf3 Nc6 3. Bb5 a6 4. Ba4 Nf6 5. d3 Bc5 6. O-O b5 7. Bb3 d6 8. Nc3
h6 9. Nd5 Be6 10. c3 Bxd5 11. Bxd5 Nxd5 12. exd5 Ne7 13. d4 exd4 14. Nxd4 Qd7
15. Re1 O-O 16. Nb3 Rfe8 17. Be3 Bxe3 18. Rxe3 Nf5 19. Qg4 Rad8 20. Rxe8+ Rxe8
21. Nd4 Qe7 22. Nf3 Qe4 23. Qxe4 Rxe4 24. Kf1 Ne7 25. Rd1 Ra4 26. a3 Rc4 27.
Nd4 Rc5 28. Nc6 Nxc6 29. dxc6 Rxc6 30. Rd4 Kf8 31. Ke2 Rc5 32. a4 Ke7 33. Kd3
Ke6 34. axb5 axb5 35. Ke3 Re5+ 36. Kf3 c5 37. Rd2 Re1 38. g3 d5 39. Kg2 Kd6 40.
f3 b4 41. cxb4 cxb4 42. Kf2 Re7 43. Rc2 d4 44. Rc4 Kd5 45. Rxb4 d3 46. Rb8 Re2+
47. Kf1 Rxh2 48. b4 d2 0-1

[Event "Gibtelecom Masters"]
[Site "Gibraltar"]
[Date "2007.01.23"]
[Round "1.47"]
[White "Urbina Perez, Juan"]
[Black "Klokas, Konstantinos"]
[Result "1/2-1/2"]
[WhiteElo "2114"]
[BlackElo "2231"]
[PlyCount "97"]
[EventDate "2007.??.??"]

1. e4 c5 2. Nf3 Nc6 3. d4 cxd4 4. Nxd4 Nf6 5. Nc3 e5 6. Ndb5 d6 7. Bg5 a6 8.
Na3 b5 9. Nd5 Be7 10. Bxf6 Bxf6 11. c3 Bg5 12. Nc2 O-O 13. a4 bxa4 14. Ncb4
Nxb4 15. Nxb4 Bb7 16. Bd3 a5 17. Nd5 Bc6 18. Bc2 Rb8 19. Bxa4 Bxd5 20. Qxd5
Rxb2 21. O-O Bd2 22. Ra3 Qb6 23. Qc6 Qxc6 24. Bxc6 Rc8 25. Rxa5 Bxc3 26. Ra8
Rxa8 27. Bxa8 Bd4 28. g4 g6 29. Kg2 Kg7 30. Bd5 f5 31. gxf5 gxf5 32. exf5 Kf6
33. Be4 Rd2 34. Kg3 Bc5 35. f4 exf4+ 36. Kxf4 Rxh2 37. Rh1 Rf2+ 38. Kg3 Re2 39.
Bc6 Re7 40. Kf3 Kxf5 41. Rxh7 Re3+ 42. Kg2 Kf4 43. Rf7+ Kg5 44. Rg7+ Kf6 45.
Rg8 Re5 46. Rf8+ Kg5 47. Rg8+ Kf4 48. Rf8+ Ke3 49. Re8 1/2-1/2

[Event "Gibtelecom Masters"]
[Site "Gibraltar"]
[Date "2007.01.23"]
[Round "1.48"]
[White "Malmdin, Nils Ake"]
[Black "Arsenault, Nicolas"]
[Result "0-1"]
[WhiteElo "2231"]
[BlackElo "2112"]
[PlyCount "127"]
[EventDate "2007.??.??"]

1. e4 e6 2. d3 d5 3. Nd2 Nf6 4. Ngf3 b6 5. e5 Nfd7 6. d4 c5 7. c3 Be7 8. Bb5
O-O 9. O-O a6 10. Bd3 Nc6 11. Re1 b5 12. Nf1 b4 13. Ng3 a5 14. Qc2 g6 15. Bh6
Re8 16. Bb5 Qb6 17. Qa4 Bb7 18. h4 Rec8 19. h5 Ba6 20. Bxa6 Qxa6 21. hxg6 hxg6
22. Bg5 Bf8 23. Qd1 bxc3 24. bxc3 Rab8 25. Re2 a4 26. Bf6 a3 27. Rd2 Rb2 28.
Rd3 Qc4 29. Ng5 Rcb8 30. Qf3 cxd4 31. cxd4 Nxd4 32. Qd1 Bc5 33. Rc1 Qxc1 34.
Qxc1 Rb1 35. Rd1 Rxc1 36. Rxc1 Rb2 37. Kh2 Rxa2 38. N3e4 dxe4 39. Nxe4 Rc2 40.
Rd1 Bb6 41. Rd3 Nxf6 42. Nxf6+ Kg7 43. Rxa3 Rxf2 44. Nd7 Nc2 45. Rb3 Bd4 46.
Kh3 Re2 47. Rb5 g5 48. Ra5 Re4 49. g3 Ne3 50. Ra4 g4+ 51. Kh2 Nf5 52. Ra2 Bxe5
53. Nxe5 Rxe5 54. Ra4 Ne3 55. Kg1 Rf5 56. Re4 Rf3 57. Kh2 Kg6 58. Re5 Nf5 59.
Re4 Kg5 60. Re5 Rxg3 61. Re4 Rd3 62. Re1 Rd2+ 63. Kg1 Nd4 64. Kh1 0-1

[Event "Gibtelecom Masters"]
[Site "Gibraltar"]
[Date "2007.01.23"]
[Round "1.49"]
[White "Hocevar, Nikola"]
[Black "Narayanan, Srinath"]
[Result "0-1"]
[WhiteElo "2111"]
[BlackElo "2229"]
[PlyCount "66"]
[EventDate "2007.??.??"]

1. c4 Nf6 2. Nc3 c5 3. g3 Nc6 4. Bg2 g6 5. d3 Bg7 6. e4 d6 7. Nge2 h5 8. h3 Bd7
9. Be3 Qc8 10. Qd2 a6 11. Nd5 Nxd5 12. cxd5 Nb4 13. Nc1 a5 14. a3 Na6 15. Ne2
b5 16. Rc1 Qb7 17. O-O a4 18. d4 c4 19. f4 f5 20. e5 Rb8 21. e6 Bc8 22. Nc3 Nc7
23. Na2 Qa8 24. Nb4 Bb7 25. g4 hxg4 26. hxg4 Nxd5 27. Nxd5 Bxd5 28. gxf5 gxf5
29. Qf2 Rg8 30. Qg3 Bxg2 31. Qg6+ Kd8 32. Rf2 Kc7 33. Rxg2 Bf6 0-1

[Event "Gibtelecom Masters"]
[Site "Gibraltar"]
[Date "2007.01.23"]
[Round "1.51"]
[White "Compton, Alistair"]
[Black "Hartig, Ove"]
[Result "1/2-1/2"]
[WhiteElo "2093"]
[BlackElo "2225"]
[PlyCount "74"]
[EventDate "2007.??.??"]

1. e4 c5 2. Nc3 Nc6 3. f4 g6 4. Nf3 Bg7 5. Bb5 Nd4 6. Bd3 Nh6 7. Nxd4 cxd4 8.
Ne2 O-O 9. O-O d5 10. e5 f6 11. exf6 Bxf6 12. b3 Bf5 13. Bb2 Qd6 14. Kh1 e5 15.
fxe5 Bxe5 16. h3 Qf6 17. Rf3 Qg7 18. Qg1 Bxd3 19. Rxd3 Nf5 20. Bxd4 Rae8 21. c3
b6 22. Rf1 Qc7 23. Rff3 Bd6 24. Qf2 Rf7 25. g4 Rfe7 26. Be3 Nxe3 27. Rdxe3 Bc5
28. d4 Bd6 29. Kg2 Re4 30. Ng3 R4e6 31. Qe2 Qd7 32. Rxe6 Rxe6 33. Re3 Rf6 34.
Rf3 Re6 35. Re3 Rf6 36. Rf3 Re6 37. Re3 Rf6 1/2-1/2

[Event "Gibtelecom Masters"]
[Site "Gibraltar"]
[Date "2007.01.23"]
[Round "1.52"]
[White "Ramaswamy, Aarthie"]
[Black "Sharp, Dale"]
[Result "1-0"]
[WhiteElo "2224"]
[BlackElo "2085"]
[PlyCount "51"]
[EventDate "2007.??.??"]

1. e4 e5 2. Nf3 Nc6 3. Bb5 a6 4. Bxc6 dxc6 5. O-O Qd6 6. Na3 b5 7. c3 c5 8. Nc2
Bb7 9. d4 exd4 10. cxd4 O-O-O 11. a4 Bxe4 12. axb5 axb5 13. Qe2 Bc6 14. Ne5 Nf6
15. Ra6 Re8 16. Ne3 cxd4 17. Nxc6 Qc5 18. b4 Qc3 19. Qxb5 dxe3 20. Bxe3 Bd6 21.
Ne5 Kd8 22. Nxf7+ Ke7 23. Nxh8 Kf8 24. Rc6 Qb3 25. Bc5 Ne4 26. Rxc7 1-0

[Event "Gibtelecom Masters"]
[Site "Gibraltar"]
[Date "2007.01.23"]
[Round "1.54"]
[White "Jaime Montalvan, Luis"]
[Black "Coimbra, Margarida"]
[Result "0-1"]
[WhiteElo "2206"]
[BlackElo "2061"]
[PlyCount "104"]
[EventDate "2007.??.??"]

1. e4 e5 2. Nf3 Nc6 3. d4 exd4 4. Nxd4 Bc5 5. Be3 Qf6 6. c3 Nge7 7. Bc4 Ne5 8.
Be2 Qg6 9. O-O d6 10. Nb5 Bh3 11. Bf3 O-O-O 12. Re1 a6 13. Nd4 d5 14. Nd2 Bb6
15. Kh1 Nxf3 16. Qxf3 Bg4 17. Qf4 dxe4 18. Qxe4 Qxe4 19. Nxe4 Nd5 20. h3 Nxe3
21. Rxe3 Bh5 22. Rg3 Bxd4 23. cxd4 Rxd4 24. Re1 Bg6 25. Rge3 Rhd8 26. Ng5 Rd1
27. Nf3 Rxe1+ 28. Rxe1 f6 29. Kh2 Re8 30. Kg3 Rxe1 31. Nxe1 Kd7 32. Kf4 Kd6 33.
g4 Kd5 34. Ke3 Bb1 35. a3 Kc4 36. Kd2 c5 37. Ng2 Be4 38. Nf4 g6 39. h4 Bf3 40.
g5 fxg5 41. hxg5 Bg4 42. f3 Bxf3 43. Ne6 Bd5 44. Nf8 Kb3 45. Kc1 c4 46. Nd7 c3
47. Nc5+ Kc4 48. Nd7 Be6 49. Nf6 Bf5 50. Ne8 Kb3 51. bxc3 Kxc3 52. Nd6 b6 0-1

[Event "Gibtelecom Masters"]
[Site "Gibraltar"]
[Date "2007.01.23"]
[Round "1.55"]
[White "Hickman, John"]
[Black "Nordstrom, Felix"]
[Result "0-1"]
[WhiteElo "2052"]
[BlackElo "2199"]
[PlyCount "76"]
[EventDate "2007.??.??"]

1. e4 c5 2. Nf3 e6 3. d4 cxd4 4. Nxd4 a6 5. Bd3 d5 6. exd5 Qxd5 7. O-O Nf6 8.
Nc3 Qd6 9. Ne4 Nxe4 10. Bxe4 Nd7 11. Nb3 Qc7 12. Bd2 Bd6 13. Kh1 Rb8 14. f4 O-O
15. Qf3 Nf6 16. Bd3 b6 17. Rae1 Bb7 18. Qg3 g6 19. Qg5 Nd5 20. a3 Be7 21. Qg4
Bf6 22. Bc1 Bg7 23. Qe2 b5 24. Qf2 Rbc8 25. Nd4 Qb6 26. c3 Nxc3 27. Nxe6 Qxf2
28. Rxf2 fxe6 29. bxc3 Bd5 30. Be4 Bxc3 31. Bxd5 exd5 32. Bd2 d4 33. g3 Rfe8
34. Rfe2 Rxe2 35. Rxe2 d3 36. Rf2 Bxd2 37. Rxd2 Rc1+ 38. Kg2 Rc2 0-1

[Event "Gibtelecom Masters"]
[Site "Gibraltar"]
[Date "2007.01.23"]
[Round "1.56"]
[White "Tscharotschkin, Michael"]
[Black "Van Kemenade, Rudi"]
[Result "1-0"]
[WhiteElo "2197"]
[BlackElo "2048"]
[PlyCount "87"]
[EventDate "2007.??.??"]

1. e4 e5 2. Nf3 Nf6 3. Nxe5 d6 4. Nf3 Nxe4 5. d4 d5 6. Bd3 Nc6 7. O-O Be7 8. c4
Nb4 9. Be2 c6 10. a3 Na6 11. cxd5 cxd5 12. Bb5+ Bd7 13. Bxd7+ Qxd7 14. Ne5 Qe6
15. Qa4+ Kf8 16. Qb3 b6 17. f3 Nec5 18. Qd1 f6 19. Ng4 Nb7 20. Re1 Qd7 21. Nc3
h5 22. Ne3 Nc7 23. Qd3 Kf7 24. Nf5 Bd6 25. Nh4 Kg8 26. Bd2 g5 27. Nf5 Qh7 28.
Re3 Bf8 29. Rae1 Rd8 30. Re7 Bxe7 31. Rxe7 Qxe7 32. Nxe7+ Kf7 33. Nc6 Rd6 34.
Nxa7 Ne6 35. Nab5 Rdd8 36. Na4 Nd6 37. Nxd6+ Rxd6 38. Nc3 h4 39. Be3 Kg7 40.
Qf5 Rhd8 41. f4 gxf4 42. Bxf4 Rc6 43. Qg4+ Kf8 44. Qxh4 1-0

[Event "Gibtelecom Masters"]
[Site "Gibraltar"]
[Date "2007.01.23"]
[Round "1.57"]
[White "Stokes, Ivan"]
[Black "Menon, Shanker"]
[Result "1/2-1/2"]
[WhiteElo "2041"]
[BlackElo "2194"]
[PlyCount "73"]
[EventDate "2007.??.??"]

1. e4 c5 2. Nf3 d6 3. d4 cxd4 4. Nxd4 Nf6 5. Nc3 a6 6. Bc4 e6 7. Bb3 b5 8. Bg5
Bb7 9. Bxe6 fxe6 10. Nxe6 Qc8 11. Nd5 Bxd5 12. exd5 Nbd7 13. O-O Kf7 14. a4 Be7
15. Re1 h6 16. Bf4 Qc4 17. Ra3 Ne5 18. Bxe5 dxe5 19. Rf3 Bd6 20. b3 Qh4 21. g3
Qh3 22. Re4 g5 23. g4 Qh4 24. Kg2 h5 25. Rxf6+ Kxf6 26. Qf3+ Ke7 27. Nd4 Raf8
28. Nf5+ Rxf5 29. Qxf5 Rh6 30. Rxe5+ Kd8 31. Qxg5+ Qxg5 32. Rxg5 hxg4 33. axb5
axb5 34. Rxg4 Rxh2+ 35. Kg1 Rh5 36. b4 Rxd5 37. c4 1/2-1/2

[Event "Gibtelecom Masters"]
[Site "Gibraltar"]
[Date "2007.01.23"]
[Round "1.58"]
[White "Fogel, Pierre"]
[Black "Dimitrijevic, Dragan"]
[Result "1-0"]
[WhiteElo "2193"]
[BlackElo "2037"]
[PlyCount "61"]
[EventDate "2007.??.??"]

1. d4 Nf6 2. c4 c5 3. d5 e6 4. Nc3 exd5 5. cxd5 d6 6. Nf3 g6 7. Bf4 Bg7 {Bd7}
8. Qb3 Qc7 9. e4 O-O 10. Be2 Re8 11. Nd2 Ng4 12. Bxg4 Bxg4 13. Nb5 Qa5 14. Nxd6
Qa6 15. f3 Bd7 16. Nxe8 Bxe8 17. Be3 Nd7 18. Qc4 b5 19. Qc2 Ne5 20. O-O Rc8 21.
Kh1 c4 22. Bd4 b4 23. f4 Nd3 24. Bxg7 Kxg7 25. Rf3 Ba4 26. Qb1 Bb5 27. a4 c3
28. bxc3 bxc3 29. axb5 cxd2 30. bxa6 Rc1+ 31. Qxc1 1-0

[Event "Gibtelecom Masters"]
[Site "Gibraltar"]
[Date "2007.01.23"]
[Round "1.60"]
[White "Barrenechea, Gustavo"]
[Black "McGrane, Stephen"]
[Result "1-0"]
[WhiteElo "2191"]
[BlackElo "2031"]
[PlyCount "61"]
[EventDate "2007.??.??"]

1. e4 c5 2. Nf3 d6 3. Bc4 e6 4. O-O Nc6 5. Re1 a6 6. c3 b5 7. Bf1 Nf6 8. d4 d5
9. e5 Ne4 10. a4 b4 11. c4 Nxd4 12. Nxd4 cxd4 13. Nd2 Nxd2 14. Bxd2 a5 15. cxd5
Qxd5 16. Rc1 Ba6 17. Bxa6 Rxa6 18. Rc8+ Kd7 19. Rb8 Rc6 20. Qh5 g6 21. Qh4 Bg7
22. Rb7+ Kc8 23. Rb5 Qd8 24. Qe4 Qc7 25. Rxa5 Rd8 26. Bxb4 Qb7 27. Rb5 Qa6 28.
Bd6 Kd7 29. Qxd4 Ke8 30. Qb4 Qa8 31. Rb7 1-0

[Event "Gibtelecom Masters"]
[Site "Gibraltar"]
[Date "2007.01.23"]
[Round "1.61"]
[White "Dawson, Jeff"]
[Black "Dunn, Andrew"]
[Result "1/2-1/2"]
[WhiteElo "2027"]
[BlackElo "2190"]
[PlyCount "122"]
[EventDate "2007.??.??"]

1. e4 c6 2. d4 d5 3. e5 Bf5 4. g4 Be4 5. f3 Bg6 6. h4 h5 7. Ne2 e6 8. Nf4 Ne7
9. Nc3 Nd7 10. Be3 a6 11. Bd3 Bxd3 12. Nxd3 Qc7 13. Qe2 Ng6 14. O-O-O O-O-O 15.
Kb1 Be7 16. g5 c5 17. dxc5 Nxc5 18. Qf2 Nxd3 19. cxd3 Qd7 20. Bb6 Rde8 21. Rc1
Kb8 22. Qd4 Rc8 23. Na4 Rxc1+ 24. Rxc1 Bd8 25. Nc5 Qe7 26. Ba7+ Ka8 27. Nxa6
Ba5 28. Bc5 Qd7 29. Nb4 Rc8 30. Bd6 Rxc1+ 31. Kxc1 f6 32. Nc2 fxe5 33. Qc5 b6
34. Qc7 Qxc7 35. Bxc7 Kb7 36. Bd6 Kc6 37. Bb8 b5 38. d4 Nxh4 39. Bxe5 Nxf3 40.
Bxg7 Nxg5 41. Kd1 h4 42. Ke2 h3 43. Be5 Bc7 44. Bxc7 Kxc7 45. Kf2 h2 46. Kg2
Nf3 47. b3 Kd6 48. Kh1 Ke7 49. Kg2 Kf6 50. Kh1 Ke7 51. Kg2 Kd6 52. Kh1 Kc6 53.
Kg2 Kb6 54. Kh1 Ka5 55. Kg2 b4 56. Kh1 Nd2 57. Kxh2 Ne4 58. Ne1 Nc3 59. Kg3
Nxa2 60. Nd3 Nc3 61. Kf4 Ne4 1/2-1/2

[Event "Gibtelecom Masters"]
[Site "Gibraltar"]
[Date "2007.01.23"]
[Round "1.63"]
[White "Strand, Haakon"]
[Black "Wade, Robert"]
[Result "0-1"]
[WhiteElo "2015"]
[BlackElo "2173"]
[PlyCount "66"]
[EventDate "2007.??.??"]

1. e4 e6 2. d4 d5 3. Nc3 Nf6 4. e5 Nfd7 5. f4 c5 6. Nf3 Nc6 7. Be3 cxd4 8. Nxd4
Bc5 9. Qd2 Nxd4 10. Bxd4 Qa5 11. O-O-O Bxd4 12. Qxd4 Qc5 13. Qd2 O-O 14. Bd3
Nb6 15. Qe2 f5 16. exf6 Rxf6 17. Rhf1 Bd7 18. g4 Raf8 19. g5 Rxf4 20. Qh5 g6
21. Bxg6 Qe7 22. Rxf4 Rxf4 23. Bd3 Qg7 24. Rg1 e5 25. Ne2 Rf8 26. Ng3 e4 27.
Bf1 Na4 28. c3 Nxc3 29. bxc3 Qxc3+ 30. Kb1 Qb4+ 31. Ka1 Qd4+ 32. Kb1 Qxg1 33.
g6 Qb6+ 0-1

[Event "Gibtelecom Masters"]
[Site "Gibraltar"]
[Date "2007.01.23"]
[Round "1.64"]
[White "Mundaca, Juan"]
[Black "Campbell, Ian"]
[Result "1/2-1/2"]
[WhiteElo "2167"]
[BlackElo "2008"]
[PlyCount "92"]
[EventDate "2007.??.??"]

1. e4 Nf6 2. Nc3 d5 3. exd5 Nxd5 4. Bc4 Nxc3 5. bxc3 g6 6. Qf3 e6 7. d4 c6 8.
Nh3 Bg7 9. Ba3 Qf6 10. Qg3 Nd7 11. Ng5 Bf8 12. Ne4 Qd8 13. Nd6+ Bxd6 14. Bxd6
Nb6 15. Bb3 Nd5 16. O-O Nxc3 17. Rfe1 Nd5 18. Rad1 b5 19. Bxd5 cxd5 20. Qe5 Kd7
21. Bc5 Kc6 22. a4 a6 23. c4 f6 24. axb5+ axb5 25. cxb5+ Kb7 26. Qg3 Bd7 27. b6
Re8 28. Ra1 Ba4 29. h4 Qd7 30. Ra3 Qc6 31. Rea1 Ra6 32. Rxa4 Rxa4 33. Rxa4 Qxa4
34. Qc7+ Ka6 35. b7 Qb5 36. Qxh7 Qb1+ 37. Kh2 Qxb7 38. Qxg6 Qb8+ 39. g3 f5 40.
Qf7 Kb5 41. Qd7+ Kc4 42. Bd6 Qc8 43. Qa4+ Kd3 44. Bc5 Qb8 45. Qd1+ Kc3 46. Qc1+
Kd3 1/2-1/2

[Event "Gibtelecom Masters"]
[Site "Gibraltar"]
[Date "2007.01.23"]
[Round "1.65"]
[White "Hamer, Martyn"]
[Black "Spence, David"]
[Result "0-1"]
[WhiteElo "1987"]
[BlackElo "2166"]
[PlyCount "76"]
[EventDate "2007.??.??"]

1. e4 e6 2. d4 d5 3. Nc3 Bb4 4. e5 c5 5. a3 Ba5 6. b4 cxd4 7. Nb5 Bc7 8. f4 Ne7
9. Nf3 Bd7 10. Nbxd4 a6 11. Bd3 Bb6 12. Be3 g6 13. O-O Nbc6 14. c3 Rc8 15. Qd2
Nf5 16. Nxf5 gxf5 17. Kh1 Ne7 18. Rac1 Ba4 19. Qf2 Bxe3 20. Qxe3 Bb3 21. Rg1
Bc4 22. Bc2 Rg8 23. Ng5 Rh8 24. g4 d4 25. cxd4 Bd5+ 26. Nf3 fxg4 27. Rxg4 Nf5
28. Qf2 Nxd4 29. Rg3 Bxf3+ 30. Rxf3 Nxf3 31. Qxf3 Qd5 32. Qxd5 exd5 33. Ba4+
Ke7 34. Rd1 Rhd8 35. Rd3 d4 36. f5 Rc3 37. Rd2 Rxa3 38. Bd1 Re3 0-1

[Event "Gibtelecom Masters"]
[Site "Gibraltar"]
[Date "2007.01.23"]
[Round "1.66"]
[White "Borvander, Tom"]
[Black "Jameson, David"]
[Result "1-0"]
[WhiteElo "2162"]
[BlackElo "1972"]
[PlyCount "133"]
[EventDate "2007.??.??"]

1. d4 d5 2. c4 c6 3. Nf3 Nf6 4. Nc3 dxc4 5. a4 Bf5 6. e3 Nbd7 7. Bxc4 e6 8. O-O
h6 9. Qe2 Bb4 10. e4 Bh7 11. d5 exd5 12. exd5+ Qe7 13. Qxe7+ Kxe7 14. dxc6 bxc6
15. Re1+ Kf8 16. Re2 Nb6 17. Bb3 Bd3 18. Re1 Bc4 19. Bc2 Nbd5 20. Bd2 Bxc3 21.
bxc3 Nd7 22. Nd4 c5 23. Nb5 N7f6 24. Rab1 g5 25. Nd6 Ba6 26. Nb5 c4 27. Re5 Kg7
28. Nd4 Rhe8 29. Nf5+ Kf8 30. Rxe8+ Rxe8 31. Nxh6 Re2 32. Rd1 Bc8 33. Nf5 Bxf5
34. Bxf5 Kg7 35. Kf1 Re5 36. Bc2 g4 37. Re1 Rh5 38. Kg1 Rh8 39. f3 gxf3 40.
gxf3 Rb8 41. Rb1 Rxb1+ 42. Bxb1 Nd7 43. Be4 N5f6 44. Be3 Nxe4 45. fxe4 a6 46.
Kf2 Kg6 47. Bd4 Kg5 48. Kg3 Nf8 49. Bc5 Ne6 50. Be7+ Kg6 51. Kg4 Ng7 52. Kf4 f6
53. Kg4 Kf7 54. Bc5 Kg6 55. Be3 Ne6 56. h4 Ng7 57. Bc1 Nh5 58. Ba3 Ng7 59. a5
Kf7 60. h5 Ne6 61. Bd6 Ng5 62. Kf5 Ne6 63. h6 Ng5 64. e5 Nh7 65. e6+ Kg8 66.
Kg6 Ng5 67. e7 1-0

[Event "Gibtelecom Masters"]
[Site "Gibraltar"]
[Date "2007.01.23"]
[Round "1.67"]
[White "Mayers, Dan"]
[Black "Andreassen, Lars"]
[Result "0-1"]
[WhiteElo "1965"]
[BlackElo "2160"]
[PlyCount "88"]
[EventDate "2007.??.??"]

1. e4 d5 2. exd5 Nf6 3. Bb5+ Nbd7 4. c4 a6 5. Ba4 b5 6. cxb5 Nxd5 7. Ne2 N5b6
8. bxa6 Nxa4 9. Qxa4 Rxa6 10. Qh4 Bb7 11. O-O Qa8 12. f3 e5 13. d4 Rg6 14. Kh1
e4 15. Nd2 Be7 16. Qf2 exf3 17. Nxf3 O-O 18. Nf4 Ra6 19. a3 Nf6 20. Ne5 Ne4 21.
Qe2 Rh6 22. Kg1 Bd6 23. Nfd3 Re6 24. Bf4 f6 25. Qg4 f5 26. Qe2 Rfe8 27. h4 c5
28. Rfe1 cxd4 29. Nf3 Nc5 30. Qf1 Ba6 31. Bxd6 Bxd3 32. Rxe6 Rxe6 33. Qc1 Nb3
34. Qc7 Nxa1 35. Ng5 Re1+ 36. Kh2 Qe8 37. Nf3 Re6 38. Nxd4 Rg6 39. Nf3 Be4 40.
Ng5 h6 41. Qc4+ Kh8 42. Nf7+ Kh7 43. h5 Rxd6 44. Nxd6 Qe5+ 0-1

[Event "Gibtelecom Masters"]
[Site "Gibraltar"]
[Date "2007.01.23"]
[Round "1.69"]
[White "Solaroli, Riccardo"]
[Black "Soraas, Torben"]
[Result "0-1"]
[WhiteElo "1960"]
[BlackElo "2155"]
[PlyCount "60"]
[EventDate "2007.??.??"]

1. e4 c6 2. d4 d5 3. Nc3 dxe4 4. Nxe4 Nf6 5. Ng3 e6 6. Nf3 Bd6 7. Bd3 O-O 8.
Ne4 Nxe4 9. Bxe4 Nd7 10. c3 Qc7 11. Bg5 Re8 12. O-O b6 13. Re1 Bb7 14. Bc2 Nf8
15. Bh4 Ng6 16. Bg3 Rad8 17. Bxd6 Rxd6 18. Ne5 c5 19. Nxg6 hxg6 20. Be4 cxd4
21. Qa4 Ra8 22. cxd4 Bxe4 23. Rxe4 Rc8 24. Rae1 Qb7 25. h3 Rcd8 26. Qd1 Qd7 27.
Qf3 Rxd4 28. Rxd4 Qxd4 29. Rc1 Qxb2 30. Rc7 Qa1+ 0-1

[Event "Gibtelecom Masters"]
[Site "Gibraltar"]
[Date "2007.01.23"]
[Round "1.70"]
[White "Saint Amand, Paul"]
[Black "Helin, Mikael"]
[Result "1-0"]
[WhiteElo "2150"]
[BlackElo "1951"]
[PlyCount "111"]
[EventDate "2007.??.??"]

1. e4 c5 2. Nf3 e6 3. c3 Qa5 4. Na3 a6 5. Nc4 Qc7 6. a4 Nc6 7. Bd3 Nf6 8. e5
Nd5 9. O-O f5 10. Re1 g6 11. Bf1 b6 12. d4 Bb7 13. dxc5 Bxc5 14. Nd6+ Kf8 15.
Bh6+ Kg8 16. Nxb7 Qxb7 17. Bc4 Nd8 18. Bg5 h5 19. Qd2 Nc7 20. Bf6 Rh7 21. Qg5
Kf7 22. Bxd8 Ne8 23. Bf6 Nxf6 24. Qxf6+ Kg8 25. Qg5 h4 26. h3 Be7 27. Qd2 g5
28. Rad1 g4 29. hxg4 fxg4 30. Qxd7 Qxd7 31. Rxd7 gxf3 32. Bxe6+ Kh8 33. Bd5 Rf8
34. Bxf3 h3 35. Be4 Rg7 36. Re3 Bh4 37. Rxg7 Bxf2+ 38. Kh2 Bxe3 39. Rh7+ Kg8
40. Kxh3 Rf1 41. Rd7 Rf4 42. Bd5+ Kf8 43. e6 Bc5 44. Kg3 Rf6 45. Rf7+ Rxf7 46.
exf7 a5 47. Kf4 Kg7 48. Kf5 Bf8 49. Ke6 Bc5 50. Kd7 Kf8 51. Kc6 Ke7 52. b4 axb4
53. cxb4 Bxb4 54. Kxb6 Kd7 55. a5 Kc8 56. a6 1-0

[Event "Gibtelecom Masters"]
[Site "Gibraltar"]
[Date "2007.01.23"]
[Round "1.71"]
[White "Gonzalez Nunez, Millan"]
[Black "Blikra Vea, Odin"]
[Result "0-1"]
[WhiteElo "1940"]
[BlackElo "2147"]
[PlyCount "58"]
[EventDate "2007.??.??"]

1. e4 c5 2. Nf3 Nc6 3. d4 cxd4 4. Nxd4 Nf6 5. Nc3 e6 6. Be2 Bb4 7. Nxc6 bxc6 8.
Bd2 d5 9. exd5 exd5 10. a3 Bd6 11. O-O O-O 12. Re1 Qc7 13. h3 Bh2+ 14. Kh1 d4
15. Na2 Ne4 16. Rf1 c5 17. Bf3 Bb7 18. Bxe4 Bxe4 19. f4 Bg3 20. Qg4 f5 21. Qxg3
Rf6 22. Qf2 Rg6 23. Rg1 Rb8 24. b4 a5 25. c3 axb4 26. cxb4 c4 27. Qxd4 Rd8 28.
Qf2 Rd3 29. Bc3 Rxh3# 0-1

[Event "Gibtelecom Masters"]
[Site "Gibraltar"]
[Date "2007.01.23"]
[Round "1.72"]
[White "Nemcova, Katerina"]
[Black "Yarur Elsaca, Daniel"]
[Result "1-0"]
[WhiteElo "2147"]
[BlackElo "1913"]
[PlyCount "75"]
[EventDate "2007.??.??"]

1. e4 e5 2. Nf3 Nf6 3. Nxe5 d6 4. Nf3 Nxe4 5. Nc3 d5 6. Qe2 Be7 7. Nxe4 dxe4 8.
Qxe4 O-O 9. Bd3 f5 10. Bc4+ Kh8 11. Qd3 Bd6 12. O-O Nd7 13. Re1 Nc5 14. Qf1 Bd7
15. d3 Qf6 16. c3 b5 17. Bd5 c6 18. Bb3 h6 19. Be3 g5 20. Bd4 Qxd4 21. Nxd4 f4
22. Ne6 Rf6 23. Nxc5 Bxc5 24. d4 Bd6 25. Bc2 g4 26. Qd3 Bf5 27. Qxf5 Rxf5 28.
Bxf5 h5 29. Re6 Rf8 30. Rxd6 Rxf5 31. Rxc6 h4 32. Re1 Kg7 33. Re7+ Kf8 34. Rxa7
Kg8 35. Rc8+ Rf8 36. Rxf8+ Kxf8 37. a4 bxa4 38. Rxa4 1-0

[Event "Gibtelecom Masters"]
[Site "Gibraltar"]
[Date "2007.01.23"]
[Round "1.73"]
[White "Cardenas Romo, Alejandro"]
[Black "Dekker, Alain"]
[Result "0-1"]
[WhiteElo "1891"]
[BlackElo "2144"]
[PlyCount "78"]
[EventDate "2007.??.??"]

1. e4 c5 2. Nc3 d6 3. f4 g6 4. Nf3 Bg7 5. Bc4 e6 6. O-O Ne7 7. d3 O-O 8. a3 a6
9. Qe1 Nbc6 10. Qh4 d5 11. Ba2 b5 12. Ng5 h6 13. Nf3 f5 14. exd5 exd5 15. Ne5
Nxe5 16. fxe5 g5 17. Qh5 Be6 18. Re1 Qd7 19. Bd2 Rac8 20. Ne2 f4 21. h3 Bf7 22.
Qf3 Bxe5 23. d4 cxd4 24. Bb4 Rfe8 25. Bxe7 Rxe7 26. Rad1 Rxc2 27. Bb1 Rc6 28.
Kh1 Bg7 29. Rf1 Re3 30. Qf2 Bh5 31. Nxd4 Bxd1 32. Nxc6 Be2 33. Nb8 Qa7 34. Nc6
Qc5 35. Nd8 Bxf1 36. Qxf1 Bxb2 37. Bh7+ Kxh7 38. Qb1+ Re4 39. Qxb2 Re1+ 0-1

[Event "Gibtelecom Masters"]
[Site "Gibraltar"]
[Date "2007.01.23"]
[Round "1.74"]
[White "Player, Edmund"]
[Black "Gonzalez Amaya, Milan"]
[Result "1-0"]
[WhiteElo "2142"]
[BlackElo "1891"]
[PlyCount "77"]
[EventDate "2007.??.??"]

1. e4 d6 2. d4 Nd7 3. Nf3 e5 4. Nc3 c6 5. a4 Ngf6 6. Bc4 h6 7. O-O Qe7 8. b3
Nb6 9. Bd3 Bg4 10. dxe5 dxe5 11. a5 Nbd7 12. Bc4 O-O-O 13. Qe2 Nh7 14. Qe3 Qf6
15. Ne1 Bc5 16. Qg3 Qg6 17. Bxf7 Qxf7 18. Qxg4 Rhf8 19. Qe2 Ng5 20. Be3 Bb4 21.
Bxg5 hxg5 22. Nd1 Nf6 23. Nd3 Bd6 24. f3 Bc7 25. Ne3 g6 26. Nc4 Nh5 27. Qe3 Qe7
28. Qxa7 Rd4 29. Nc5 Bb8 30. Nb6+ Kc7 31. Na6+ Kd6 32. Nxb8 Ke6 33. Nxc6 Qd6
34. Nd7 Rd2 35. Nxf8+ Qxf8 36. Rad1 Rxg2+ 37. Kxg2 Nf4+ 38. Kh1 Qh6 39. Nd8+
1-0